00700nam a2200193Ia 450000500170000000800410001704100080005808200170006610000140008324500390009726000550013630000090019150000390020065000470023970000370028694200070032399900170033095201590034720230329142024.0230125s9999 xx 000 0 und d aeng a658.159bKAL aKalidas S aFinancial Institutions and Banking c2010bSymbiosis centre for distance learningaPune a428p aFinancial institutions and markets aFinancial institutions and markets9119819 aKalidas S & Nandini Madan, Donor cDB c93614d93614 02104070aHIMRbHIMRd2015-06-16eDonated Book- Outside Donarg1.00o658.159 KAL DB1975pHIMR-DB-1975r2023-01-25 00:00:00v1.00w2023-01-25yDBzDB1975